Soil-plant relationships

Guardat en:
Dades bibliogràfiques
Autor principal: Black, C. A (Autor)
Format: Llibre
Idioma:anglès
Publicat: Nueva York John Wiley 1957
Matèries:
Etiquetes: Afegir etiqueta
Sense etiquetes, Sigues el primer a etiquetar aquest registre!

MARC

LEADER 00000nam a2200000 a 4500
001 UCS7450
003 CL-VaPUC
008 971017e19570000US |||||||||||||||||eng|d
082 0 4 |a 631.4  |b BLA  |2 21 
100 0 |a Black, C. A  |e author  |9 392569 
245 1 0 |a Soil-plant relationships 
300 |a 332 p 
942 |c BK 
945 |d 19971017 00:00:00  |a rleighto 
260 |a Nueva York  |b John Wiley  |c 1957 
650 7 |a EDAFOLOGIA  |2 CL-VaPUC  |9 392570 
650 0 |a Composición del suelo  |9 392557 
650 7 |a SALINIDAD DEL SUELO  |2 CL-VaPUC  |9 392571 
650 7 |a MINERALES DEL SUELO  |2 CL-VaPUC  |9 370717 
650 0 |a Propiedades del suelo  |9 350106 
583 |a last modification  |c 19971017 00:00:00  |k Rodrigo Vera 
999 |c 262544  |d 262542